000 00774nam a22002297a 4500
003 UA-OsUOA
001 124269
007 ta
008 20170803b un ||||| |||| 00| 0 ukr d
100 _aМатросова Л. М.
700 _aОхрімчук Я. Є.
090 _a330(477)
_bМ34
942 _cSA
040 _aUA-OsUOA
_bukr
_cUA-OsUOA
_dUA-OsUOA
245 _aФіскальна ефективність податку на доходи фізичних осіб в системі прямого оподаткування України
300 _aС. 38-42
955 _a0
041 _aukr
080 _a330(477)
773 0 _w124264
_tЕкономіка. Фінанси. Право.
_dК.
_d2017
_g6
650 7 _a330 Економіка взагалі
_2UDC
999 _c412240
_d412240